000 00272nam a2200109Ia 4500
008 240625s9999 xx 000 0 und d
041 _aeng
082 _a632.632283 RAJ
100 _aRAJWADE A V
245 _aHANDBOOK OF DEBT SECURITIES AND INTEREST RATE D
260 _c2014
999 _c35139
_d35139